| 000 | 03685nam0a2200433 4500 | ||
|---|---|---|---|
| 001 | RU\NLR\BIBL_A\012885892 | ||
| 005 | 20221124131926.0 | ||
| 010 |
_a978-5-907561-35-9 _9500 |
||
| 021 |
_aRU _bКН-П-22-047950 _9КН-П-22-4148 |
||
| 035 | _a(NLR Aleph) 012885892 | ||
| 035 | _a(RuMoRGB)011151671 | ||
| 090 |
_a12535113 _c12535113 |
||
| 100 | _a20220909d2022 k y0rusy50 ca | ||
| 101 | 0 | _arus | |
| 102 | _aRU | ||
| 105 | _aa z 000zy | ||
| 181 | 0 |
_ai _baxxe |
|
| 182 | 0 | _an | |
| 200 | 1 |
_aПсихолого-педагогические исследования - Тульскому региону _eсборник материалов II Региональной научно-практической конференции магистрантов, аспирантов, стажеров (Тула, 18 мая 2022 г.) _fМинпросвещения России, Федеральное государственное бюджетное образовательное учреждение высшего образования "Тульский государственный педагогический университет имени Л. Н. Толстого", Региональное отделение Федерации психологов образования России _gредакционная коллегия: Пазухина Светлана Вячеславовна, д-р психол. наук, доцент [и др.] |
|
| 203 |
_aТекст _bвизуальный _cнепосредственный |
||
| 210 |
_aЧебоксары _cСреда _d2022 |
||
| 215 |
_a355 с. _cил. _d20 |
||
| 320 | _aБиблиогр. в конце ст. | ||
| 330 | _aВ сборнике представлены статьи участников II Региональной научно-практической конференции магистрантов, аспирантов, стажеров "Психолого-педагогические исследования-Тульскому региону". В материалах сборника отражены результаты теоретических и прикладных изысканий молодых ученых в области психологии и педагогики | ||
| 606 | 1 |
_aПедагоги-психологи _xМетодика работы _jСъезды, совещания и т.п _2nlr_sh2 _3RU\NLR\AUTH\6601596476 |
|
| 606 | 1 |
_aОбразовательные учреждения _xУчебно-воспитательная работа _jСъезды, совещания и т.п _2nlr_sh1 _2nlr_sh2 _3RU\NLR\AUTH\661427428 |
|
| 606 | 1 |
_aПедагогическая психология _jСъезды, совещания и т.п _2nlr_sh1 _2nlr_sh2 _3RU\NLR\AUTH\6665004 |
|
| 686 | 1 | _aЮ940я431 | |
| 686 | 1 | _aЮ984.0я431 | |
| 686 | 1 | _aЧ421.421психолог.я431 | |
| 686 | 1 | _aЧ31я431 | |
| 702 | 1 |
_aПазухина _bС. В. _gСветлана Вячеславовна _4340 |
|
| 711 | 1 | 2 |
_a"Психолого-педагогические исследования - Тульскому региону", региональная научно-практическая конференция магистрантов, аспирантов, стажеров _d2 _f2022 _eТула _3RU\NLR\AUTH\880571938 |
| 712 | 0 | 2 |
_aТульский государственный педагогический университет им. Л. Н. Толстого _3RU\NLR\AUTH\8810024887 _4570 |
| 942 | _cBOOK | ||
| 980 | _aNB | ||